1769 1627 1547 1240 1159 1644 1382 1082 1715 1002 1991 1236 1912 1103 1436 1755 1556 1714 1289 1696 1937 1929 1115 1396 1433 1856 1420 1875 1876 1322 1498 1517 1458 1156 1185 1196 1191 1440 1135 1138 1236 1994 1086 1989 1846 1275 1388 1397 1023 1593 1404 1330 1913 1903 1607 1618 1035 1499 1478 1084 1799 1667 1151 1031 1616 1383 1413 1616 1484 1374 1560 1935 1602 1718 1922 1403 1161 1907 1132 1488 1563 1769 1585 1301 1905 1160 1667 1060 1528 1348 1580 1170 1822 1054 1014 1702 1413 1553 1856 BCNSPRNW ULIB Ver.6.0+V

เปลี่ยนเป็นภาษาไทย

Change to English
 แสดงรายละเอียดบรรณานุกรม
  กลับหน้าหลัก

Brief Record : Get Marc (ISO 2709) : E-mail record : QR code < ปิดหน้าต่าง
LEADER : 00000nam 2200000uu 4500
001    13399128241
003     ULIB
008    220822s2564||||th 000 0 tha d
050    ^aPE101^bธ581ก
100    ^aธิดากุล บุญรักษา
245    ^aการเขียนอนุเฉทภาษาอังกฤษ : English Paragraph Writing
250    ^aพิมพ์ครั้งที่ 1
260    ^aนครสวรรค์ :^bคณะมนุษยศาสตร์และสังคมศาสตร์ มหาวิทยาลัยราชภัฎนครสวรรค์,^c2564
300    ^a197 หน้า;^c30 ซม.
650    ^aอนุเฉทภาษาอังกฤษ--การเขียน
945    ^p0^l0^i009346
999    ^aประนอม เกษจรัล
รายการนี้ยังไม่มีแท็ก
คุณยังไม่ได้ล็อกอิน คุณสามารถมีกิจกรรมร่วมกับเว็บไซต์ได้ แต่ต้องล็อกอินก่อน ::
  ล็อกอิน

รายการสื่อสารสนเทศ

ลำดับที่ ประเภท เลขเรียก/บาร์โค้ด สถานที่ สถานะ
1. การศึกษาทั่วไป
หนังสือสำรอง
สถานะ=หนังสือสำรอง
PE101 ธ581ก ฉ.1 
  Barcode: 009346
ห้องสมุดวิทยาเขตสวรรค์ประชารักษ์
►หนังสือทั่วไป
บนชั้น

BibComment


ยังไม่เคยถูกคอมเมนท์

คอมเมนท์ทรัพยากรรายการนี้
  คอมเมนท์: การเขียนอนุเฉทภา..


 Copyright 2026. Bcnsprnw @Library